The Concerto Inn/ (Record no. 196738)

MARC details
000 -LEADER
fixed length control field 00527nam a22001817a 4500
005 - DATE AND TIME OF LATEST TRANSACTION
control field 20231211160607.0
010 ## - LCCN (DPL NO)
LC control number ENG-138586
020 ## - INTERNATIONAL STANDARD BOOK NUMBER
International Standard Book Number 781920694791
Terms of availability 350.00
035 ## - SYSTEM CONTROL NUMBER
System control number EN-122018
037 ## - SOURCE OF ACQUISITION
Source of stock number/acquisition DBAD/PUB
082 ## - DEWEY DECIMAL CLASSIFICATION NUMBER
Classification number 813.6
100 ## - MAIN ENTRY--PERSONAL NAME
Personal name Gardiner, Jo
245 10 - TITLE STATEMENT
Title The Concerto Inn/
Remainder of title by Jo Gardiner
260 ## - PUBLICATION, DISTRIBUTION, ETC. (IMPRINT)
Place of publication, distribution, etc Australia
Name of publisher, distributor, etc University of Western Australia Press
Date of publication, distribution, etc 2006
270 ## - ADDRESS
Address National Library of Australia
City Australia
300 ## - PHYSICAL DESCRIPTION
Extent 205p.
Dimensions 20cm(pbk)
942 ## - ADDED ENTRY ELEMENTS (KOHA)
Source of classification or shelving scheme Dewey Decimal Classification
Item type English Books
Call number suffix GAR
Classification part 813.6
Holdings
Withdrawn status Lost status Not for loan Collection code Home library Current library Date acquired Source of acquisition Cost, normal purchase price Full call number Barcode Copy number Cost, replacement price Koha item type
      Non-fiction Vinoba Puri Vinoba Puri 24/07/2023 DBAD/PUB 350.00 813.6 GAR EN-122118 1 350.00 English Books

© Delhi Public Library
Hit Counter
free hit counter